000 00717nam a2200205 i 4500
001 45641
003 ES-MaACL
005 20250822063117.0
007 t|
008 030326s1957 sp f ||||1| spa d
080 _a232.931.7(460.315 Alcoy)(091)
100 1 _aColoma Payá, Rafael
_9156348
245 1 4 _aLos lirios de la Font Roja /
_cRafael Coloma.
260 _aAlcoy :
_bInstituto Alcoyano de Cultura "Andrés Sempere",
_c[1957] (
_fPapeleras Reunidas)
300 _a54 p., 2 lám. ;
_c21 cm.
650 4 _aVirgen de los Lirios-
_xApariciones y milagros-
_zAlcoy.
_9156350
710 2 _aInstituto Alcoyano de Cultura "Andrés Sempere"
_94790
852 _aES-MaACL
_j1996-F-20
999 _c45641
_d45641